000 00369nam a2200145Ia 4500
008 231129s1982||||xx |||||||||||||| ||spa||
020 _a968-13-0065-3
040 _bspa
082 _a797.23 P348t
100 _aPazos Baltasar
245 0 _aTécnicas de buceo deportivo
260 _c1982
264 _aDiana
942 _2ddc
_cBKS
999 _c25073
_d25073